<?xml version="1.0" encoding="UTF-8"?>
<record
    xmlns:xsi="http://www.w3.org/2001/XMLSchema-instance"
    xsi:schemaLocation="http://www.loc.gov/MARC21/slim http://www.loc.gov/standards/marcxml/schema/MARC21slim.xsd"
    xmlns="http://www.loc.gov/MARC21/slim">

  <leader>05043nam a22007211i 4500</leader>
  <controlfield tag="001">991033439609708606</controlfield>
  <controlfield tag="003">AR-RoUNA</controlfield>
  <controlfield tag="005">20251006083330.0</controlfield>
  <controlfield tag="008">900725s1976    sp                  spa  </controlfield>
  <datafield tag="016" ind1="7" ind2=" ">
    <subfield code="a">bimoBNE19972446376</subfield>
    <subfield code="z">IND9100212906</subfield>
    <subfield code="2">SpMaBN</subfield>
  </datafield>
  <datafield tag="017" ind1=" " ind2=" ">
    <subfield code="a">B 49791-1976</subfield>
    <subfield code="b">Oficina Dep&#xF3;sito Legal Barcelona</subfield>
  </datafield>
  <datafield tag="020" ind1=" " ind2=" ">
    <subfield code="a">84-335-2412-7</subfield>
  </datafield>
  <datafield tag="035" ind1=" " ind2=" ">
    <subfield code="a">(OCoLC)431369291</subfield>
  </datafield>
  <datafield tag="035" ind1=" " ind2=" ">
    <subfield code="a">(SpMaBN)bimo0000761366</subfield>
  </datafield>
  <datafield tag="040" ind1=" " ind2=" ">
    <subfield code="a">SpMaBN</subfield>
    <subfield code="b">spa</subfield>
    <subfield code="c">A2</subfield>
    <subfield code="d">AR-RoUNA</subfield>
  </datafield>
  <datafield tag="041" ind1="1" ind2=" ">
    <subfield code="a">spa</subfield>
    <subfield code="h">fre</subfield>
  </datafield>
  <datafield tag="044" ind1=" " ind2=" ">
    <subfield code="a">ag</subfield>
  </datafield>
  <datafield tag="080" ind1=" " ind2=" ">
    <subfield code="a">301.185.2</subfield>
  </datafield>
  <datafield tag="100" ind1=" " ind2=" ">
    <subfield code="a">Chombart de Lauwe, Paul Henry</subfield>
    <subfield code="9">35</subfield>
    <subfield code="d">1912-1998.</subfield>
  </datafield>
  <datafield tag="245" ind1="1" ind2="0">
    <subfield code="a">Hombres y ciudades</subfield>
    <subfield code="c">Paul-Henry Chombart de Lauwe ; traducci&#xF3;n del franc&#xE9;s de Jordi Marf&#xE1; Puig.</subfield>
  </datafield>
  <datafield tag="246" ind1=" " ind2=" ">
    <subfield code="a">Des Hommes et des villes.</subfield>
  </datafield>
  <datafield tag="250" ind1=" " ind2=" ">
    <subfield code="a">1a. ed.</subfield>
  </datafield>
  <datafield tag="260" ind1=" " ind2=" ">
    <subfield code="a">Barcelona :</subfield>
    <subfield code="b">Labor,</subfield>
    <subfield code="c">1976.</subfield>
  </datafield>
  <datafield tag="300" ind1=" " ind2=" ">
    <subfield code="a">289 p. ;</subfield>
    <subfield code="c">20x13 cm</subfield>
  </datafield>
  <datafield tag="490" ind1="0" ind2=" ">
    <subfield code="a">Colecci&#xF3;n Labor</subfield>
    <subfield code="v">v. 207</subfield>
  </datafield>
  <datafield tag="500" ind1=" " ind2=" ">
    <subfield code="a">Referencias bibliogr&#xE1;ficas e &#xED;ndice</subfield>
  </datafield>
  <datafield tag="505" ind1="0" ind2=" ">
    <subfield code="t">INDICE</subfield>
  </datafield>
  <datafield tag="505" ind1="0" ind2=" ">
    <subfield code="t">INTRODUCCION :</subfield>
    <subfield code="a"> La ciudad discutida, la sociedad, los hombres y el espacio urbano.</subfield>
  </datafield>
  <datafield tag="505" ind1="0" ind2=" ">
    <subfield code="t">PRIMERA PARTE</subfield>
  </datafield>
  <datafield tag="505" ind1="0" ind2=" ">
    <subfield code="t">LA EVOLUCION DE LA CIUDAD</subfield>
  </datafield>
  <datafield tag="505" ind1="0" ind2=" ">
    <subfield code="t">Capitulo I.</subfield>
    <subfield code="a"> LA EXPANSION URBANA Y LAS NUEVAS CIUDADES</subfield>
  </datafield>
  <datafield tag="505" ind1="0" ind2=" ">
    <subfield code="t">Cap&#xCD;tulo II. </subfield>
    <subfield code="a">LOS MEDIOS DE HABITAT ANTIGUO Y LA VECINDAD.   </subfield>
  </datafield>
  <datafield tag="505" ind1="0" ind2=" ">
    <subfield code="t">Cap&#xED;tulo III. </subfield>
    <subfield code="a">ESBOZO DE UN PLAN DE INVESTIGACIONES SOBRE LA VIDA SOCIAL EN EL MEDIO URBANO</subfield>
  </datafield>
  <datafield tag="505" ind1="0" ind2=" ">
    <subfield code="t">Cap&#xED;tulo IV. </subfield>
    <subfield code="a">ESTUDIO DE LOS GRUPOS DE LAS PERSONAS EN LOS MEDIOS URBANOS. </subfield>
  </datafield>
  <datafield tag="505" ind1="0" ind2=" ">
    <subfield code="t">Cap&#xED;tulo V.  </subfield>
    <subfield code="a"> CIENCIAS HUMANAS, PLANIFICACION Y URBANISMO    </subfield>
  </datafield>
  <datafield tag="505" ind1="0" ind2=" ">
    <subfield code="t">SEGUNDA PARTE</subfield>
  </datafield>
  <datafield tag="505" ind1="0" ind2=" ">
    <subfield code="t">  LA VIVIENDA Y SU EVOLUCION   </subfield>
  </datafield>
  <datafield tag="505" ind1="0" ind2=" ">
    <subfield code="t"> Cap&#xED;tulo VI.</subfield>
    <subfield code="a"> LA VIVIENDA, LA FAMILIA Y LA SOCIEDAD   </subfield>
  </datafield>
  <datafield tag="505" ind1="0" ind2=" ">
    <subfield code="t">Cap&#xED;tulo VII. </subfield>
    <subfield code="a">LA LIBERACION DE LOS HOMBRES POR MEDIO DE LA VIVIENDA. </subfield>
  </datafield>
  <datafield tag="505" ind1="0" ind2=" ">
    <subfield code="t">Cap&#xED;tulo VIII.  </subfield>
    <subfield code="a">LA EVOLUCION DE LA VIVIENDA Y EL CAMBIO SOCIAL, UN ENSAYO DE OBSERVACION EXPERIMENTAL.   </subfield>
  </datafield>
  <datafield tag="505" ind1="0" ind2=" ">
    <subfield code="t">Cap&#xED;tulo IX.</subfield>
    <subfield code="a"> DE LA OBSERVACION EXPERIMENTAL A LA INTERVENCION EXPERIMIENTAL</subfield>
  </datafield>
  <datafield tag="505" ind1="0" ind2=" ">
    <subfield code="t">Cap&#xED;tulo X. </subfield>
    <subfield code="a">PARA UNA SOCIOLOGIA DE LA VIVIENDA. METODOS Y PERSPECTIVAS DE INVESTIGACIONES</subfield>
  </datafield>
  <datafield tag="505" ind1="0" ind2=" ">
    <subfield code="t">conclusi&#xF3;n. LA ORGANIZACION SOCIAL EN EL MEDIO URBANO</subfield>
  </datafield>
  <datafield tag="505" ind1="0" ind2=" ">
    <subfield code="t">ANEXOS</subfield>
  </datafield>
  <datafield tag="505" ind1="0" ind2=" ">
    <subfield code="t">DIALOGO CON LA POBLACION, LOS URBANISTAS Y LOSE SERVICIOS PUBLICOS</subfield>
  </datafield>
  <datafield tag="505" ind1="0" ind2=" ">
    <subfield code="t">Anexo I. </subfield>
    <subfield code="a">DIALOGO CON EL PUBLICO, ESCANDALO DE LA VIVIENDA Y ESPERANZAS DEL URBANISMO</subfield>
  </datafield>
  <datafield tag="505" ind1="0" ind2=" ">
    <subfield code="t">Anexo II. </subfield>
    <subfield code="a">DIALOGO CON LOS URBANISTAS, EL PLAN DE BURDEOS</subfield>
  </datafield>
  <datafield tag="505" ind1="0" ind2=" ">
    <subfield code="t">Anexo III.</subfield>
    <subfield code="a"> DIALOGO CON LOS ARQUITECTOS</subfield>
  </datafield>
  <datafield tag="505" ind1="0" ind2=" ">
    <subfield code="t">Anexo IV.</subfield>
    <subfield code="a"> DIALOGO CON LAS MUNICIPALIDADES. EL DESARROLLO DE LAS CIUDADES DE UN MILLON DE HABITANTES</subfield>
  </datafield>
  <datafield tag="505" ind1="0" ind2=" ">
    <subfield code="t">Anexo V. </subfield>
    <subfield code="a">DIALOGO SOBRE UNA DECISION, CENTRO URBANO, CULTURA Y PODER</subfield>
  </datafield>
  <datafield tag="520" ind1="3" ind2=" ">
    <subfield code="a">En Hombres y ciudades, la reflexi&#xF3;n cr&#xED;tica se acompa&#xF1;a de una visi&#xF3;n de futuro que pueda contribuir a hacer habitable lo que s&#xF3;lo se planifica a menudo como celdas donde depositar el cuerpo de los individuos. Chombart de Lauwe, como soci&#xF3;logo realmente inserto en la problem&#xE1;tica actual, advierte los cambios quiz&#xE1;s irreversibles que en la sociedad ocurren (decadencia de los barrios, masificaci&#xF3;n incesante, incomunicaci&#xF3;n entre "vecinos" materiales), pero aboga al propio tiempo por los ajustes y mejoras improrrogables, por una orientaci&#xF3;n sincera a las sugerencias de los habitantes que permita la verdadera articulaci&#xF3;n democr&#xE1;tica del urbanismo cotidiano. Ya es sabido que los poderes p&#xFA;blicos, en su preocupaci&#xF3;n por atender a la complejidad que plantea la ciudad y sus tentacularismos, acuden a los soci&#xF3;logos (los emplean) para que tomen decisiones e ilustren a la poblaci&#xF3;n de modo que &#xE9;sta admita lo que se le ofrece. Pero, contra esa pasividad, se&#xF1;ala Chombart de Lauwe que los cauces van equivocados. Pues no se trata de encauzar a la poblaci&#xF3;n es de arriba, sino en reparar cort&#xE9;s y democr&#xE1;ticamente en las aspiraciones de una persona determinada dentro de un grupo social concreto. Contra el peligro de perderse en abstracciones, se postula as&#xED; la &#xFA;nica alternativa que puede sanear la situaci&#xF3;n. Son los hombres, su persona en relaci&#xF3;n con los otros, quienes -con la meditaci&#xF3;n de sus representantes libremente elegidos- plantean alternativas, apuntan soluciones, admiten la discusi&#xF3;n. Progresan hasta una decisi&#xF3;n que es real, porque es de todos, o de su imagen, la mayor&#xED;a. Al estudiar a la persona y a la sociedad en la ciudad, le preocupa al autor sobre todo, la m&#xE1;s estrecha relaci&#xF3;n entre la esfera privada y la esfera p&#xFA;blica.</subfield>
  </datafield>
  <datafield tag="650" ind1=" " ind2="7">
    <subfield code="a">Sociolog&#xED;a urbana</subfield>
  </datafield>
  <datafield tag="700" ind1="1" ind2=" ">
    <subfield code="a">Marf&#xE1; Puig, Jordi</subfield>
    <subfield code="e">tra</subfield>
    <subfield code="9">27479</subfield>
  </datafield>
  <datafield tag="908" ind1=" " ind2=" ">
    <subfield code="a">Imp</subfield>
  </datafield>
  <datafield tag="930" ind1=" " ind2=" ">
    <subfield code="e">12251</subfield>
  </datafield>
  <datafield tag="942" ind1=" " ind2=" ">
    <subfield code="2">udc</subfield>
    <subfield code="c">LIB</subfield>
  </datafield>
  <datafield tag="945" ind1=" " ind2=" ">
    <subfield code="d">2025-10-03</subfield>
  </datafield>
  <datafield tag="956" ind1=" " ind2=" ">
    <subfield code="a">1 2</subfield>
  </datafield>
  <datafield tag="980" ind1=" " ind2=" ">
    <subfield code="a">Mar&#xED;a Machado</subfield>
    <subfield code="b">BNMADRID</subfield>
    <subfield code="j">4/135443</subfield>
    <subfield code="c">SG_RECOLET</subfield>
    <subfield code="6">5</subfield>
    <subfield code="8">5</subfield>
    <subfield code="g">Mar&#xED;a Machado</subfield>
  </datafield>
  <datafield tag="980" ind1=" " ind2=" ">
    <subfield code="a">B 13451-1977</subfield>
    <subfield code="a">SpMaBN</subfield>
    <subfield code="b">BNALCALA</subfield>
    <subfield code="j">AHM/260026</subfield>
    <subfield code="c">SG_PETANTI</subfield>
  </datafield>
  <datafield tag="980" ind1=" " ind2=" ">
    <subfield code="a">B 49791-1976</subfield>
    <subfield code="a">SpMaBN</subfield>
    <subfield code="b">BNALCALA</subfield>
    <subfield code="j">AHM/288695</subfield>
    <subfield code="c">SG_PETANTI</subfield>
  </datafield>
  <datafield tag="980" ind1=" " ind2=" ">
    <subfield code="a">SpMaBN</subfield>
    <subfield code="b">BNALCALA</subfield>
    <subfield code="j">DL/64729</subfield>
    <subfield code="c">CONSERVACI</subfield>
  </datafield>
  <datafield tag="999" ind1=" " ind2=" ">
    <subfield code="c">12154</subfield>
    <subfield code="d">12154</subfield>
  </datafield>
  <datafield tag="952" ind1=" " ind2=" ">
    <subfield code="0">0</subfield>
    <subfield code="1">0</subfield>
    <subfield code="2">udc</subfield>
    <subfield code="4">0</subfield>
    <subfield code="7">0</subfield>
    <subfield code="a">AR-RoUNA</subfield>
    <subfield code="b">AR-RoUNA</subfield>
    <subfield code="c">Pos</subfield>
    <subfield code="d">2025-10-03</subfield>
    <subfield code="e">Don</subfield>
    <subfield code="l">0</subfield>
    <subfield code="o">301.185.2</subfield>
    <subfield code="p">18387</subfield>
    <subfield code="t">ej. 1</subfield>
    <subfield code="y">LIB</subfield>
    <subfield code="x"></subfield>
  </datafield>
</record>
